000 00257nam a2200097Ia 4500
001 988893
005 20250826221146.0
008 250824s9999 xx 000 0 und d
245 0 _aEĞLENCELİ TEKERLER BAY LOKOMOTİF
_cHARRY SIMPSON
260 _bDOKUZ YAYINLARI
999 _c988893
_d988893